000 00968nas a2200325 4500
001 BR2017002918
003 BR-BrBNA
005 20231205131120.0
007 ta
008 230509b bl.|||p| |||| 00| 00por d
040 _aBR-BrBNA
_bpor
_cBiblioteca Nacional de Agricultura
041 _a(En)
072 _aL01
100 1 _aSilva, G.F. da
100 1 _aPereira, D.F.
100 1 _aSalgado, D.D.
100 1 _aRamos, D.D.
100 1 _aFreitas, L.G. de
245 1 _aIncubation yield as a function of broiler breeder age
650 _aPINTO
650 _aOVO
650 _aINCUBAÇÃO
650 _aPESO
650 _aRENDIMENTO
650 _aPRODUÇÃO ANIMAL
773 0 _tRevista Brasileira de Engenharia de Biossistemas (Brazil)
_xISSN 2359-6724
_g(2017), v. 11(3) p. 287-293
_wBR2017002918
856 4 0 _uhttp://seer.tupa.unesp.br/index.php/BIOENG/article/view/551/340
909 _a202311
_bLúcia
_c55
_dLúcia Elande
942 _2AGRIS
_n0
_cANA
999 _c253103
_d253103